00483nam a2200109Ia 4500008004100000245011100041260000900152300009600161650002500257999001900282952007200301180130s9999 xx 000 0 und d cStack, Dale M.aTouch and physical contact during infancy: discovering the richness of the forgotten sense c2014 aBook title: Blackwell handbook of infant development--Acession number C19029; pages 534-569 aINFANTS--DEVELOPMENT c354039d354039 001040aCLbCLd2018-01-30l0r2018-01-30 00:00:00w2018-01-30yBC